000 01233cam a2200337 a 4500
001 657
005 20250206153840.0
020 _a0375824839 (trade)
020 _a0375924833 (lib. bdg.)
040 _aDLC
_cDLC
_dDLC
_beng
050 0 0 _aPZ7.R8139
_bZo 2005
082 0 0 _a[Fic]
_222
100 1 _aRoy, Ron,
_d1940-
245 1 4 _aA to Z mysteries :
_bThe zombie zone /
_cby Ron Roy ; illustrated by John Steven Gurney.
250 _aFirst Scholastic printing, February 2006
260 _aNew York :
_bScholastic,
_c2005.
300 _a84 pages :
_billustrations, 1 map ;
_c20 cm.
490 1 _aA to Z mysteries
500 _a"A Stepping Stone book."
505 _aK
520 _aReports of zombies and grave-robbers alarm the people of a Louisiana swampland village, but Ruth Rose, Josh, and Dink begin to suspect that the supernatural may not be the cause of the eerie occurrences.
521 0 _a570
_bLexile
521 0 _aK
_bRaz-Plus
650 1 _aZombies
_vFiction.
650 1 _aCemeteries
_vFiction.
650 1 _aSwamps
_vFiction.
650 1 _aMystery and detective stories.
700 1 _aGurney, John Steven,
_d1962-
_eillustrator
906 _a7
_bcbc
_corignew
_d1
_eecip
_f20
_gy-gencatlg
942 _2ddc
_cBK
_n0
999 _c657
_d657